000 00280nam a22001337a 4500
008 180919b xxu||||| |||| 00| 0 eng d
020 _a9783822854501
041 _aeng
080 _a710
100 _a45
101 _aArt
245 _aGreek Art
_cMichael.S
942 _2udc
_cBK
999 _c48001
_d48001